Central Library OPAC University of Rajshahi

Arms control and disarmament : (Record no. 4548)

MARC details
000 -LEADER
fixed length control field 02489cam a2200289 4500
001 - CONTROL NUMBER
control field 4548
003 - CONTROL NUMBER IDENTIFIER
rucl marc code BD-RjUL
005 - DATE AND TIME OF LATEST TRANSACTION
control field 20211208233918.0
008 - FIXED-LENGTH DATA ELEMENTS--GENERAL INFORMATION
fixed length control field 131223t1961 nyua b 000 0 eng d
035 ## - SYSTEM CONTROL NUMBER
System control number (BD-RjUL)4583
System control number (CStRLIN)PAUGV3771108-B
040 ## - CATALOGING SOURCE
Original cataloging agency LYU
Transcribing agency LYU
Modifying agency UKM
-- LAS
-- BD-RjUL
Language of cataloging eng
041 ## - LANGUAGE CODE
Language code of text/sound track or separate title eng
082 04 - DEWEY DECIMAL CLASSIFICATION NUMBER
Edition number 16
Classification number 341.67
Author mark and year ARM 1961
245 10 - TITLE STATEMENT
Title Arms control and disarmament :
Remainder of title and national security /
Statement of responsibility, etc. Donald G.Brennan.
260 ## - PUBLICATION, DISTRIBUTION, ETC. (IMPRINT)
Place of publication, distribution, etc. New york :
Name of publisher, distributor, etc. George Braziller,
Date of publication, distribution, etc. 1961.
300 ## - PHYSICAL DESCRIPTION
Pagination 475 p. :
Illustrations ill. ;
Size 24 cm.
500 ## - GENERAL NOTE
General note Publ. in the USA under title: Arms control, disarmament, and national security.
504 ## - BIBLIOGRAPHY, ETC. NOTE
Bibliography, etc Includes bibliographical references (p. 457-470).
505 0# - FORMATTED CONTENTS NOTE
Formatted contents note Setting and goals of arms control / Donald G. Brennan -- Basic requirements of arms control / Robert R. Bowie -- Constructing rules that affect government / Roger Fisher -- Characteristics of recent arms-control proposals and agreements /
Title Arms race and some of its hazards /
-- Feasibility of arms control and the principle of openness / Edward Teller -- Limited war : conventional or nuclear? A reappraisal / Henry A. Kissinger -- Economic implications of arms control / Kenneth E. Boulding -- Reciprocal measures for arms stabilization / Thomas C. Schelling -- Case for unilateral disarmament / Erich Fromm -- Comprehensive arms-limitation systems / Jerome B. Wiesner -- Policy considerations of a nuclear-test ban / Donald G. Brennan & Morton H. Halperin -- Negotiating with the Soviet Union / Bernhard G. Bechhoefer -- Inclusion of Communist China in an arms-control program / A. Doak Barnett -- Role of the smaller powers / Paul M. Doty -- Inspection techniques of arms control Bernard T. Feld -- Public opinion and the control of armaments / Ithiel De Sola Pool -- Non-physical inspection techniques / Lewis C. Bohn -- Adjudication and enforcement in arms control / Louis B. Sohn -- Recent policy making in the United States government / Saville R. Davis -- Government organization for arms control / Hubert H. Humphrey -- Pursuit of rational world-security arrangements / Richard S. Leghorn -- Arms control through world law / Arthur Larson -- Foreign comment / Raymond Aron, Alastair Buchan, Jules Moch, Philip Noel-Baker.
650 #0 - SUBJECT ADDED ENTRY--TOPICAL TERM
Topical term or geographic name as entry element Disarmament.
9 (RLIN) 14371
Topical term or geographic name as entry element Nuclear disarmament.
9 (RLIN) 14076
700 1# - ADDED ENTRY--PERSONAL NAME
Personal name Brennan, Donald G.,
942 ## - ADDED ENTRY ELEMENTS (KOHA)
Source of classification or shelving scheme Dewey Decimal Classification
Koha item type Books
Holdings
Lost status Source of classification or shelving scheme Damaged status Not for loan Collection code Permanent Location Current Location Shelving location Date acquired Source of acquisition Cost, normal purchase price Total Checkouts Full call number Date last seen Copy number Koha item type
  Dewey Decimal Classification   Not For Loan Non-fiction Central Library, University of Rajshahi Central Library, University of Rajshahi   01/02/1963 Mirza book agency 30.00   341.67 ARM 1961 23/12/2013 C-1 Books